[Event "GER-chA Seniors 26th"]
[Site "Bad Neuenahr"]
[Date "2014.08.12"]
[Round "8"]
[White "Neumeister, Herbert D"]
[Black "Schulte Braeucker, Horst"]
[Result "0-1"]
[WhiteElo "1949"]
[BlackElo "2048"]
[PlyCount "99"]
[EventDate "2014.08.05"]
[EventType "swiss"]
[EventRounds "9"]
[EventCountry "GER"]
[SourceTitle "EXT 2018"]
[Source "ChessBase"]
[SourceDate "2017.10.13"]
[SourceVersion "1"]
[SourceVersionDate "2017.10.13"]
[SourceQuality "1"]

1. Nf3 Nf6 2. g3 g6 3. Bg2 Bg7 4. d3 d5 5. 0-0 0-0 6. Nbd2 Nc6 7. c3 e5 8. e4 d4 9. Nc4 Re8 10. a4 Bg4 11. h3 Bd7 12. cxd4 exd4 13. Kh2 Be6 14. b3 Nb4 15. Ng5 Bxc4 16. bxc4 h6 17. Nf3 a5 18. Nh4 Nd7 19. Re1 Nc5 20. Bf1 Kh7 21. f4 Qd7 22. Nf3 Re7 23. Bb2 Nc6 24. Ba3 b6 25. Rb1 Ree8 26. e5 Bf8 27. Bb2 Ne6 28. Nd2 Nc5 29. Ba3 Nb4 30. Bb2 Kg7 31. Ne4 Be7 32. Nxc5 Bxc5 33. Bg2 Rad8 34. Bc1 Na2 35. Bd2 Nc3 36. Bxc3 dxc3 37. Be4 Bb4 38. Qc2 c6 39. Rbd1 Qe6 40. Re2 Re7 41. g4 f6 42. Bxg6 fxe5 43. Bf5 Qf6 44. fxe5 Rxe5 45. Be4 Re6 46. Rf2 Qe5+ 47. Kg2 Bd6 48. Kf1 Qd4 49. Qe2 Be5 50. Rc1 0-1

[Event "GER-chA Seniors 26th"]
[Site "Bad Neuenahr"]
[Date "2014.08.07"]
[Round "3"]
[White "Jacob, Helmut"]
[Black "Schulte Braeucker, Horst"]
[Result "1-0"]
[WhiteElo "2146"]
[BlackElo "2048"]
[PlyCount "117"]
[EventDate "2014.08.05"]
[EventType "swiss"]
[EventRounds "9"]
[EventCountry "GER"]
[SourceTitle "EXT 2018"]
[Source "ChessBase"]
[SourceDate "2017.10.13"]
[SourceVersion "1"]
[SourceVersionDate "2017.10.13"]
[SourceQuality "1"]

1. e4 g6 2. d4 d6 3. Nc3 Bg7 4. Be3 Nf6 5. h3 c6 6. Nf3 b5 7. Bd3 b4 8. Ne2 Ba6 9. 0-0 Bxd3 10. Qxd3 a5 11. Nd2 0-0 12. c3 Na6 13. Rac1 c5 14. d5 Nd7 15. Nc4 Ne5 16. Nxe5 Bxe5 17. Bh6 Bg7 18. Bxg7 Kxg7 19. c4 Nb8 20. Ng3 Nd7 21. f4 Ra6 22. Rce1 f6 23. Re2 a4 24. Rfe1 Qb8 25. Nf1 b3 26. a3 h6 27. Nd2 g5 28. Qg3 Kh7 29. Qg4 Ra7 30. Qf5+ Kg7 31. g3 Nb6 32. Kg2 Qc8 33. Qxc8 Rxc8 34. e5 Rf8 35. exd6 exd6 36. Re6 Rd7 37. Kf3 Rff7 38. Re8 Rf8 39. R1e6 Rxe8 40. Rxe8 Ra7 41. Rd8 Nd7 42. Ne4 Kf7 43. Rh8 Kg7 44. Re8 Nb6 45. Nxd6 Rd7 46. Nf5+ Kf7 47. Re4 h5 48. Ne3 Re7 49. fxg5 fxg5 50. Rxe7+ Kxe7 51. g4 h4 52. Ke4 Kf6 53. Kd3 Ke5 54. Nf5 Kf4 55. d6 Kf3 56. Nxh4+ Kg3 57. Ng6 Kxh3 58. Ne5 Kg3 59. Ke4 1-0

[Event "GER-ch Seniors"]
[Site "Dresden"]
[Date "2012.08.14"]
[Round "6"]
[White "Schulte Braeucker, Horst"]
[Black "Micheel, Peter"]
[Result "1/2-1/2"]
[WhiteElo "2060"]
[BlackElo "1918"]
[PlyCount "46"]
[EventDate "2012.08.09"]
[EventType "swiss"]
[EventRounds "9"]
[EventCountry "GER"]
[SourceTitle "EXT 2014"]
[Source "ChessBase"]
[SourceDate "2013.11.20"]
[SourceVersion "1"]
[SourceVersionDate "2013.11.20"]
[SourceQuality "1"]

1. d4 Nf6 2. c4 e5 3. dxe5 Ng4 4. Qd4 d6 5. exd6 Nc6 6. Qe4+ Be6 7. dxc7 Qxc7 8. Nf3 Rd8 9. Nc3 Qa5 10. e3 Nb4 11. Nd4 Nf6 12. Qb1 Rxd4 13. a3 Bf5 14. axb4 Qxb4 15. Qa2 Rd8 16. Qxa7 Ne4 17. Qa4+ Bd7 18. Qc2 Nd6 19. Bd2 Nxc4 20. Nd5 Qxd2+ 21. Qxd2 Nxd2 22. Nc7+ Ke7 23. Kxd2 Bc6+ 1/2-1/2

[Event "GER-ch Seniors"]
[Site "Dresden"]
[Date "2012.08.12"]
[Round "4"]
[White "Schulte Braeucker, Horst"]
[Black "Hanif, Mollah"]
[Result "1-0"]
[WhiteElo "2060"]
[BlackElo "1953"]
[PlyCount "95"]
[EventDate "2012.08.09"]
[EventType "swiss"]
[EventRounds "9"]
[EventCountry "GER"]
[SourceTitle "EXT 2014"]
[Source "ChessBase"]
[SourceDate "2013.11.20"]
[SourceVersion "1"]
[SourceVersionDate "2013.11.20"]
[SourceQuality "1"]

1. d4 Nf6 2. c4 c5 3. d5 b5 4. Nd2 d6 5. e4 Qa5 6. Qc2 bxc4 7. Bxc4 Ba6 8. b3 Bxc4 9. bxc4 Nbd7 10. Ne2 g6 11. 0-0 Bg7 12. Rb1 0-0 13. f4 Rfb8 14. Nb3 Qc7 15. Bd2 e6 16. Ba5 Qc8 17. dxe6 fxe6 18. Rbd1 Qc6 19. Ng3 Nb6 20. f5 exf5 21. exf5 Ng4 22. fxg6 Ne3 23. gxh7+ Kh8 24. Qg6 Nxf1 25. Nf5 Rb7 26. Nxg7 Ne3 27. Bc3 Qxg2+ 28. Qxg2 Nxg2 29. Kxg2 Kxh7 30. Na5 Rxg7+ 31. Bxg7 Kxg7 32. Rxd6 Re8 33. Kg3 Re1 34. Rc6 Ra1 35. Rxc5 Rxa2 36. h4 Kg6 37. Nc6 Ra3+ 38. Kg4 Ra4 39. Ne5+ Kf6 40. h5 Ra1 41. h6 Rg1+ 42. Kf4 Rf1+ 43. Nf3 Kg6 44. Rc6+ Kh7 45. Kg4 Rh1 46. Ng5+ Kh8 47. c5 Rg1+ 48. Kh5 1-0

[Event "Dortmund Sparkassen op-B"]
[Site "Dortmund"]
[Date "2010.07.21"]
[Round "5"]
[White "Schulz Rackoll, Rolf"]
[Black "Schulte Braeucker, Horst"]
[Result "0-1"]
[WhiteElo "1841"]
[BlackElo "2070"]
[PlyCount "54"]
[EventDate "2010.07.17"]
[EventType "swiss"]
[EventRounds "9"]
[EventCountry "GER"]
[SourceTitle "EXT 2014"]
[Source "ChessBase"]
[SourceDate "2013.11.20"]
[SourceVersion "1"]
[SourceVersionDate "2013.11.20"]
[SourceQuality "1"]

1. d4 g6 2. c4 Nf6 3. Nc3 Bg7 4. e4 d6 5. f4 0-0 6. Nf3 c5 7. d5 e6 8. Be2 exd5 9. exd5 Re8 10. 0-0 Bg4 11. Qc2 Na6 12. a3 Nc7 13. Bd3 Rb8 14. Bd2 b5 15. Rae1 b4 16. Nd1 Qd7 17. Ne3 a5 18. f5 Bxf3 19. Rxf3 g5 20. Nd1 Rxe1+ 21. Bxe1 h5 22. Kh1 Ng4 23. f6 Nxf6 24. Qd2 Re8 25. Bf5 Qd8 26. Rf1 Qe7 27. Ne3 Qxe3 0-1

[Event "Dortmund Sparkassen op-B"]
[Site "Dortmund"]
[Date "2010.07.17"]
[Round "1"]
[White "Benning, Martin"]
[Black "Schulte Braeucker, Horst"]
[Result "1/2-1/2"]
[WhiteElo "1552"]
[BlackElo "2070"]
[PlyCount "57"]
[EventDate "2010.07.17"]
[EventType "swiss"]
[EventRounds "9"]
[EventCountry "GER"]
[SourceTitle "EXT 2014"]
[Source "ChessBase"]
[SourceDate "2013.11.20"]
[SourceVersion "1"]
[SourceVersionDate "2013.11.20"]
[SourceQuality "1"]

1. e3 Nf6 2. c4 g6 3. Nc3 Bg7 4. Nf3 0-0 5. Be2 d6 6. d4 Nbd7 7. 0-0 e5 8. Qc2 Re8 9. d5 Nc5 10. e4 a5 11. Be3 b6 12. a3 Na6 13. Rab1 Nh5 14. b4 f5 15. Bg5 Nf6 16. Bd3 f4 17. Nh4 h6 18. Bxf6 Bxf6 19. Nxg6 Kh7 20. Nxf4 exf4 21. e5+ Kh8 22. exf6 Qxf6 23. Ne4 Qg7 24. Qc3 Re5 25. f3 Bh3 26. Rf2 Rg8 27. Rbb2 axb4 28. axb4 Nb8 29. Rbc2 1/2-1/2

[Event "GER-ch Seniors 21st"]
[Site "Dresden"]
[Date "2009.08.07"]
[Round "5"]
[White "Lenk, Wolfgang"]
[Black "Schulte Braeucker, Horst"]
[Result "1-0"]
[WhiteElo "2215"]
[BlackElo "2062"]
[PlyCount "51"]
[EventDate "2009.08.03"]
[EventType "swiss"]
[EventRounds "9"]
[EventCountry "GER"]
[SourceTitle "CBM 131 Extra"]
[Source "ChessBase"]
[SourceDate "2009.09.03"]
[SourceVersion "2"]
[SourceVersionDate "2009.09.16"]
[SourceQuality "1"]

1. e4 d6 2. d4 g6 3. Bc4 Bg7 4. c3 Nf6 5. Qe2 0-0 6. Nf3 c6 7. Bb3 Qc7 8. 0-0 e5 9. h3 Nh5 10. g4 Nf4 11. Bxf4 exf4 12. Nbd2 a5 13. a4 Na6 14. Rfe1 Kh8 15. Nc4 f6 16. Qd2 g5 17. Rad1 Re8 18. e5 dxe5 19. dxe5 Nc5 20. exf6 Rxe1+ 21. Qxe1 Bxf6 22. Qe8+ Kg7 23. Nb6 Rb8 24. Qg8+ Kh6 25. Qf8+ Bg7 26. Qxc5 1-0

[Event "Bad Woerishofen Seniors op 24th"]
[Site "Bad Woerishofen"]
[Date "2008.03.04"]
[Round "6"]
[White "Schulte Braeucker, Horst"]
[Black "Fels, Karl Heinz"]
[Result "1-0"]
[WhiteElo "1881"]
[BlackElo "1701"]
[PlyCount "53"]
[EventDate "2008.02.28"]
[EventType "swiss"]
[EventRounds "9"]
[EventCountry "GER"]
[SourceTitle "EXT 2022"]
[Source "ChessBase"]
[SourceDate "2021.10.06"]
[SourceVersion "1"]
[SourceVersionDate "2021.10.06"]
[SourceQuality "1"]

1. d4 Nf6 2. c4 e6 3. Nc3 Bb4 4. a3 Bxc3+ 5. bxc3 c5 6. e3 0-0 7. Bd3 d5 8. cxd5 exd5 9. Ne2 b6 10. Ng3 Bb7 11. 0-0 Re8 12. f3 Nbd7 13. Ra2 Rc8 14. Re2 Qc7 15. e4 dxe4 16. fxe4 cxd4 17. cxd4 Qc3 18. Bb2 Qa5 19. Rf5 b5 20. Rxb5 Qc7 21. Rf5 g6 22. Rf3 h5 23. Qb3 h4 24. Nf1 Rf8 25. Ref2 Kg7 26. d5 Ne5 27. Rxf6 1-0

[Event "Bad Woerishofen Seniors opA 23rd"]
[Site "Bad Woerishofen"]
[Date "2007.03.14"]
[Round "7"]
[White "Schulte Braeucker, Horst"]
[Black "Mantzouneas, Nikolaos"]
[Result "0-1"]
[WhiteElo "2080"]
[BlackElo "2020"]
[PlyCount "82"]
[EventDate "2007.03.08"]
[EventType "swiss"]
[EventRounds "9"]
[EventCountry "GER"]
[SourceTitle "EXT 2008"]
[Source "ChessBase"]
[SourceDate "2007.11.25"]
[SourceVersion "1"]
[SourceVersionDate "2007.11.25"]
[SourceQuality "1"]

1. d4 d5 2. c4 e6 3. Nc3 Nf6 4. Nf3 Nbd7 5. e3 Be7 6. Bd3 0-0 7. 0-0 c6 8. e4 dxc4 9. Bxc4 b5 10. Bd3 b4 11. Na4 Bb7 12. Qc2 h6 13. Nc5 Nxc5 14. dxc5 Qa5 15. Be3 Ba6 16. Bxa6 Qxa6 17. e5 Nd5 18. Bd4 Rab8 19. Rfe1 Rfd8 20. g3 Nc7 21. Qe4 Rd5 22. Rec1 Rb5 23. Qe3 Ra5 24. Qb3 Qb5 25. Rc4 Na6 26. Be3 Bxc5 27. Bxh6 gxh6 28. Re1 Qa4 29. Rg4+ Kf8 30. Qc4 Qxa2 31. Qf4 Qxb2 32. Qxh6+ Ke8 33. Qh8+ Kd7 34. Rf1 Ra1 35. Ne1 Rxe1 36. Rf4 Rxf1+ 37. Kxf1 Qxe5 38. Rxf7+ Be7 39. Qh7 Qd6 40. h4 b3 41. Qg7 Rf5 0-1

[Event "GER-ch Seniors 18th"]
[Site "Dresden"]
[Date "2006.07.30"]
[Round "9"]
[White "Papenbrock, Volker"]
[Black "Schulte Braeucker, Horst"]
[Result "1-0"]
[WhiteElo "2174"]
[BlackElo "2067"]
[PlyCount "152"]
[EventDate "2006.07.22"]
[EventType "swiss"]
[EventRounds "9"]
[EventCountry "GER"]
[SourceTitle "CBM 113 Extra"]
[Source "ChessBase"]
[SourceDate "2006.09.14"]
[SourceVersion "1"]
[SourceVersionDate "2006.09.14"]
[SourceQuality "1"]

1. d4 Nf6 2. Nf3 g6 3. Bf4 Bg7 4. e3 0-0 5. Be2 d6 6. 0-0 Nc6 7. c4 Qe8 8. Nc3 e5 9. Bg5 h6 10. Bxf6 Bxf6 11. Nd5 Bd8 12. h3 f5 13. Re1 Be6 14. Nxc7 Bxc7 15. d5 Bf7 16. dxc6 bxc6 17. Qc2 Be6 18. Qc3 Qd8 19. c5 Ba5 20. b4 Bc7 21. cxd6 Qxd6 22. Bc4 Bd5 23. b5 Kh7 24. Bxd5 cxd5 25. Rac1 Rf7 26. Qc6 Rd8 27. Qxd6 Bxd6 28. Red1 Rfd7 29. Rxd5 e4 30. Ne5 Bxe5 31. Rxe5 Rb7 32. a4 Rd2 33. Rec5 Rdd7 34. a5 Re7 35. Rb1 Re6 36. b6 axb6 37. Rcb5 Ra7 38. Rxb6 Rxb6 39. axb6 Rb7 40. f3 exf3 41. gxf3 Kg7 42. Kf2 Kf6 43. e4 fxe4 44. fxe4 g5 45. Ke3 h5 46. Kd4 g4 47. hxg4 hxg4 48. Kc5 Ke5 49. Kc6 Rg7 50. Re1 Rg6+ 51. Kb5 g3 52. b7 Rg8 53. Kb6 g2 54. Ka7 g1Q+ 55. Rxg1 Rxg1 56. b8Q+ Kxe4 57. Qb4+ Kf3 58. Qc3+ Kf2 59. Kb6 Rg4 60. Qd3 Rb4+ 61. Kc5 Rf4 62. Kd5 Rg4 63. Ke5 Rg3 64. Qc2+ Ke3 65. Qh2 Kf3 66. Kf5 Rg2 67. Qh1 Kg3 68. Qe1+ Kf3 69. Qe4+ Kg3 70. Qe3+ Kh2 71. Kf4 Ra2 72. Qg3+ Kh1 73. Qh3+ Kg1 74. Qe3+ Kh1 75. Qc5 Rg2 76. Kf3 Rg3+ 1-0

[Event "GER-ch Seniors 18th"]
[Site "Dresden"]
[Date "2006.07.27"]
[Round "6"]
[White "Minz, Michail"]
[Black "Schulte Braeucker, Horst"]
[Result "1/2-1/2"]
[WhiteElo "2172"]
[BlackElo "2067"]
[PlyCount "64"]
[EventDate "2006.07.22"]
[EventType "swiss"]
[EventRounds "9"]
[EventCountry "GER"]
[SourceTitle "CBM 113 Extra"]
[Source "ChessBase"]
[SourceDate "2006.09.14"]
[SourceVersion "1"]
[SourceVersionDate "2006.09.14"]
[SourceQuality "1"]

1. e4 d6 2. Nc3 Nf6 3. Nf3 g6 4. g3 Bg7 5. Bg2 c5 6. 0-0 Nc6 7. d3 0-0 8. a3 Rb8 9. Rb1 Ne8 10. Be3 Nd4 11. Ne2 e5 12. c3 Nxf3+ 13. Bxf3 Bh3 14. Bg2 Bxg2 15. Kxg2 Qe7 16. c4 Nc7 17. Nc3 Ne6 18. Nd5 Qd7 19. b4 b6 20. bxc5 dxc5 21. f4 exf4 22. Bxf4 Rb7 23. Bh6 f6 24. Bxg7 Qxg7 25. Rf2 Rbf7 26. Qa4 f5 27. exf5 Rxf5 28. Rxf5 gxf5 29. Qc6 Nd4 30. Qd6 Qg4 31. Rf1 Qe2+ 32. Rf2 Qxd3 1/2-1/2

[Event "NRW-ch Seniors 17th"]
[Site "Hattingen"]
[Date "2006.05.09"]
[Round "2"]
[White "Rosen, Willy"]
[Black "Schulte Braeucker, Horst"]
[Result "0-1"]
[WhiteElo "2204"]
[BlackElo "1930"]
[PlyCount "98"]
[EventDate "2006.05.08"]
[EventType "swiss"]
[EventRounds "9"]
[EventCountry "GER"]
[SourceTitle "EXT 2007"]
[Source "ChessBase"]
[SourceDate "2006.11.23"]
[SourceVersion "1"]
[SourceVersionDate "2006.11.23"]
[SourceQuality "1"]

1. e4 d6 2. d4 Nf6 3. Nc3 g6 4. Be3 c6 5. h3 b5 6. Bd3 Nbd7 7. f4 Bb7 8. Qf3 b4 9. Nd1 c5 10. d5 Nb6 11. c4 Nfd7 12. h4 Bg7 13. h5 Qc7 14. Nh3 Bf6 15. Rc1 0-0-0 16. Rc2 Kb8 17. Ndf2 e6 18. Ng4 exd5 19. exd5 gxh5 20. Nh6 Nf8 21. Qxh5 Ng6 22. Kd1 Rde8 23. Re1 Bc8 24. g3 Re7 25. Rce2 Rhe8 26. Bc1 Rxe2 27. Rxe2 Rxe2 28. Bxe2 Qd7 29. Ng5 Qa4+ 30. b3 Qxa2 31. Qf3 Bc3 32. Qd3 Qxb3+ 33. Qc2 Qxc2+ 34. Kxc2 a5 35. Ngxf7 Kc7 36. Ng5 Bg7 37. f5 Nf8 38. Ne6+ Nxe6 39. dxe6 a4 40. Ng8 b3+ 41. Kb1 d5 42. Bg4 Bd4 43. f6 Nxc4 44. f7 a3 45. Bxa3 Nxa3+ 46. Kc1 b2+ 47. Kd2 b1Q 48. f8Q Nc4+ 49. Ke2 Qe4+ 0-1

[Event "NRW-ch Seniors 17th"]
[Site "Hattingen"]
[Date "2006.05.08"]
[Round "1"]
[White "Schulte Braeucker, Horst"]
[Black "Schwentker, Friedrich"]
[Result "1-0"]
[WhiteElo "1930"]
[BlackElo "1444"]
[PlyCount "39"]
[EventDate "2006.05.08"]
[EventType "swiss"]
[EventRounds "9"]
[EventCountry "GER"]
[SourceTitle "EXT 2007"]
[Source "ChessBase"]
[SourceDate "2006.11.23"]
[SourceVersion "1"]
[SourceVersionDate "2006.11.23"]
[SourceQuality "1"]

1. d4 e6 2. c4 c5 3. d5 exd5 4. cxd5 d6 5. Nc3 Nf6 6. e4 Nbd7 7. f4 Ng8 8. Nf3 f6 9. Bd3 g6 10. 0-0 Nh6 11. e5 fxe5 12. Ng5 Nf6 13. Bb5+ Bd7 14. Ne6 Qb6 15. fxe5 Nf5 16. Rxf5 dxe5 17. Rxf6 Bd6 18. Bxd7+ Kxd7 19. Qa4+ Kc8 20. Ne4 1-0

[Event "Lipperland Seniors op 4th"]
[Site "Doerentrup"]
[Date "2005.05.30"]
[Round "5.2"]
[White "Budt, Karl Heinz"]
[Black "Schulte Braeucker, Horst"]
[Result "1/2-1/2"]
[WhiteElo "2124"]
[BlackElo "2028"]
[PlyCount "55"]
[EventDate "2005.05.26"]
[EventType "swiss"]
[EventRounds "9"]
[EventCountry "GER"]
[SourceTitle "EXT 2006"]
[Source "ChessBase"]
[SourceDate "2005.11.24"]
[SourceVersion "1"]
[SourceVersionDate "2005.11.24"]
[SourceQuality "1"]

1. c4 g6 2. d4 Bg7 3. Nc3 Nf6 4. e4 d6 5. Be2 0-0 6. Nf3 e5 7. Be3 Ng4 8. Bg5 f6 9. Bh4 exd4 10. Nxd4 Nh6 11. 0-0 a5 12. Qd2 Na6 13. f3 Nc5 14. Rad1 Nf7 15. Bf2 c6 16. Qc2 Qe7 17. Rfe1 Bh6 18. Bf1 Bd7 19. Bg3 Rfd8 20. Ndb5 cxb5 21. Nd5 Qf8 22. Nxf6+ Kh8 23. cxb5 Be6 24. Nd5 Bxd5 25. Rxd5 b6 26. f4 Bg7 27. Bc4 Ra7 28. Rdd1 1/2-1/2

[Event "GER-chA Seniors 16th"]
[Site "Templin"]
[Date "2004.09.09"]
[Round "6"]
[White "Neese, Hans Joachim"]
[Black "Schulte Braeucker, Horst"]
[Result "1/2-1/2"]
[WhiteElo "2102"]
[BlackElo "1889"]
[PlyCount "66"]
[EventDate "2004.09.04"]
[EventType "swiss"]
[EventRounds "9"]
[EventCountry "GER"]
[SourceTitle "EXT 2005"]
[Source "ChessBase"]
[SourceDate "2004.11.15"]
[SourceVersion "1"]
[SourceVersionDate "2004.11.15"]
[SourceQuality "1"]

1. d4 Nf6 2. c4 g6 3. Nc3 Bg7 4. e4 d6 5. Be2 0-0 6. Nf3 e5 7. d5 a5 8. 0-0 Na6 9. Ne1 Nc5 10. f3 Nh5 11. Nd3 Nxd3 12. Bxd3 f5 13. g3 f4 14. g4 Nf6 15. Bd2 Bd7 16. b3 Ne8 17. Be1 Bf6 18. Ne2 g5 19. Rf2 Kf7 20. h3 h5 21. Nc3 Rh8 22. a3 Qe7 23. b4 Qf8 24. Rg2 hxg4 25. hxg4 Qh6 26. Kf2 axb4 27. axb4 Rxa1 28. Qxa1 Qh4+ 29. Ke2 Qh1 30. Rf2 Rh3 31. Qd1 Rxf3 32. Rxf3 Bxg4 33. Kf2 Qh2+ 1/2-1/2

[Event "GER-chA Seniors 16th"]
[Site "Templin"]
[Date "2004.09.08"]
[Round "5"]
[White "Schulte Braeucker, Horst"]
[Black "Hein, Manfred"]
[Result "1/2-1/2"]
[WhiteElo "1889"]
[BlackElo "2032"]
[PlyCount "67"]
[EventDate "2004.09.04"]
[EventType "swiss"]
[EventRounds "9"]
[EventCountry "GER"]
[SourceTitle "EXT 2005"]
[Source "ChessBase"]
[SourceDate "2004.11.15"]
[SourceVersion "1"]
[SourceVersionDate "2004.11.15"]
[SourceQuality "1"]

1. d4 d5 2. c4 c6 3. cxd5 cxd5 4. Nc3 Nc6 5. Nf3 Nf6 6. Bf4 Qb6 7. a3 e6 8. e3 Nh5 9. Be5 f6 10. Bg3 Nxg3 11. hxg3 Bd7 12. Bd3 Na5 13. Rb1 h6 14. Nh4 0-0-0 15. b4 Nc4 16. Qb3 Nd6 17. Ng6 Rg8 18. a4 Kb8 19. 0-0 Rc8 20. Rfc1 Be8 21. a5 Qd8 22. Nf4 Bd7 23. a6 b6 24. b5 Nc4 25. Bxc4 dxc4 26. Qa4 g5 27. Nfe2 Be7 28. Ne4 e5 29. Rxc4 f5 30. Rxc8+ Bxc8 31. N4c3 Qd6 32. dxe5 Qxe5 33. Nd4 Bd7 34. Nce2 1/2-1/2

[Event "GER-chA Seniors 16th"]
[Site "Templin"]
[Date "2004.09.07"]
[Round "4"]
[White "Brossette, Horst"]
[Black "Schulte Braeucker, Horst"]
[Result "0-1"]
[WhiteElo "1663"]
[BlackElo "1889"]
[PlyCount "94"]
[EventDate "2004.09.04"]
[EventType "swiss"]
[EventRounds "9"]
[EventCountry "GER"]
[SourceTitle "EXT 2005"]
[Source "ChessBase"]
[SourceDate "2004.11.15"]
[SourceVersion "1"]
[SourceVersionDate "2004.11.15"]
[SourceQuality "1"]

1. d4 g6 2. Nf3 Bg7 3. g3 Nf6 4. Bg2 0-0 5. 0-0 d6 6. c4 Nc6 7. Nc3 a6 8. e4 Rb8 9. Be3 b5 10. Nd2 Ng4 11. cxb5 Nxe3 12. fxe3 axb5 13. e5 Na5 14. exd6 cxd6 15. b3 f5 16. Rc1 e6 17. Nf3 Bh6 18. Re1 Bd7 19. Rc2 b4 20. Nb1 Qb6 21. Kh1 Rfc8 22. Rxc8+ Rxc8 23. Nbd2 Rc3 24. e4 Qc7 25. exf5 gxf5 26. Bf1 Nb7 27. Nc4 Rxf3 28. d5 Rxf1+ 29. Rxf1 e5 30. Qh5 Bg7 31. g4 f4 32. g5 Qc8 33. g6 h6 34. Nb6 Qd8 35. Nxd7 Qxd7 36. Rc1 Nc5 37. Qe2 e4 38. Rc4 Qf5 39. Rxb4 Qxg6 40. Rb8+ Kh7 41. a4 f3 42. Qf2 Bd4 43. Qf1 Nd3 44. Rb7+ Kg8 45. Rb8+ Kf7 46. Rb7+ Kf6 47. h3 Nf2+ 0-1

[Event "GER-chA Seniors 16th"]
[Site "Templin"]
[Date "2004.09.05"]
[Round "2"]
[White "Niebling, Ferdinand"]
[Black "Schulte Braeucker, Horst"]
[Result "1-0"]
[WhiteElo "2088"]
[BlackElo "1889"]
[PlyCount "63"]
[EventDate "2004.09.04"]
[EventType "swiss"]
[EventRounds "9"]
[EventCountry "GER"]
[SourceTitle "EXT 2005"]
[Source "ChessBase"]
[SourceDate "2004.11.15"]
[SourceVersion "1"]
[SourceVersionDate "2004.11.15"]
[SourceQuality "1"]

1. d4 Nf6 2. c4 g6 3. Nc3 Bg7 4. g3 0-0 5. Bg2 d6 6. Nf3 Nc6 7. 0-0 a6 8. d5 Na5 9. b3 Ne4 10. Nxe4 Bxa1 11. Bd2 f5 12. Neg5 Bf6 13. Bxa5 e5 14. Ne6 Bxe6 15. dxe6 Qe7 16. Qd2 b6 17. Bc3 c6 18. Rd1 Rfd8 19. Ne1 e4 20. Bxf6 Qxf6 21. f3 d5 22. Qd4 Qxd4+ 23. Rxd4 Kf8 24. Nc2 b5 25. cxd5 Rxd5 26. fxe4 Re5 27. exf5 gxf5 28. Kf2 Rxe6 29. Rf4 Rd8 30. Nd4 Rf6 31. Nxc6 Rd2 32. a4 1-0

[Event "NRW-ch op Seniors 14th"]
[Site "Beverungen"]
[Date "2003.06.18"]
[Round "5.10"]
[White "Weschke, Wolfgang"]
[Black "Schulte Braeucker, Horst"]
[Result "0-1"]
[WhiteElo "1720"]
[BlackElo "1973"]
[PlyCount "117"]
[EventDate "2003.06.14"]
[EventType "swiss"]
[EventRounds "9"]
[EventCountry "GER"]
[SourceTitle "EXT 2004"]
[Source "ChessBase"]
[SourceDate "2003.11.25"]
[SourceVersion "1"]
[SourceVersionDate "2003.11.25"]
[SourceQuality "1"]

1. Nf3 g6 2. c4 Bg7 3. e3 Nf6 4. Be2 0-0 5. 0-0 d6 6. Nc3 e5 7. h3 Nc6 8. a3 Nd7 9. Qc2 f5 10. Rd1 Nf6 11. b4 h6 12. Bb2 g5 13. b5 Ne7 14. d4 e4 15. Nh2 Qe8 16. Rf1 Ng6 17. Rae1 g4 18. hxg4 fxg4 19. Nd5 Nxd5 20. cxd5 Rf7 21. Nxg4 Re7 22. Nh2 Nh4 23. Kh1 Kh8 24. a4 Qg6 25. Rg1 Qf7 26. Bd1 Qxd5 27. g3 Nf3 28. Bxf3 exf3 29. Qd1 Bf5 30. g4 Be4 31. Rg3 Rf8 32. Reg1 Bf6 33. Rh3 Bg5 34. Nf1 Kg7 35. Rgg3 Ref7 36. Nd2 Kg8 37. Nxe4 Qxe4 38. Rh5 d5 39. Ba3 Rc8 40. Rhh3 Bxe3 41. Rxf3 Rxf3 42. Qxf3 Bxf2 43. Qxe4 dxe4 44. Rxh6 Rd8 45. Re6 Rxd4 46. Kg2 e3 47. Re8+ Kf7 48. Rf8+ Ke6 49. Kf3 Rxa4 50. g5 Bh4 51. g6 Bf6 52. Re8+ Kf5 53. Rxe3 Kxg6 54. Ke2 Kf5 55. Rd3 Re4+ 56. Kd2 Rd4 57. Bc5 Rxd3+ 58. Kxd3 b6 59. Bf2 0-1

[Event "GER-ch Seniors 15th"]
[Site "Bad Wiessee"]
[Date "2003.05.16"]
[Round "7"]
[White "Kripp, Wolfgang"]
[Black "Schulte Braeucker, Horst"]
[Result "1-0"]
[WhiteElo "2157"]
[BlackElo "1973"]
[PlyCount "69"]
[EventDate "2003.05.??"]
[EventType "swiss"]
[EventRounds "9"]
[EventCountry "GER"]
[SourceTitle "EXT 2006"]
[Source "ChessBase"]
[SourceDate "2005.11.24"]
[SourceVersion "1"]
[SourceVersionDate "2005.11.24"]
[SourceQuality "1"]

1. e4 g6 2. d4 Bg7 3. Nc3 d6 4. Be3 Nf6 5. h3 b6 6. Qd2 c5 7. Nf3 Bb7 8. d5 a6 9. a4 Nbd7 10. Bc4 h6 11. 0-0 g5 12. Nh2 Ne5 13. Be2 Ng6 14. Rad1 Qc7 15. Ng4 Bc8 16. Nxf6+ Bxf6 17. Bh5 Bd7 18. Bxg6 fxg6 19. f4 gxf4 20. Bxf4 g5 21. Bg3 Bd4+ 22. Kh1 0-0-0 23. Ne2 Bf6 24. e5 Bxe5 25. Bxe5 dxe5 26. Qd3 c4 27. Qe4 Kb8 28. b3 Rdf8 29. bxc4 Ka7 30. a5 Rf6 31. Qe3 Rhf8 32. Rxf6 Rxf6 33. axb6+ Qxb6 34. c5 Qc7 35. c6+ 1-0